MDQL
is popping MORE tags! Check the
thread
!
Quizzes
Events
Quiz Creation
Community
Videos
Private Events
Remove Ads
Sign In
Join for FREE
Feedback
Dark Mode
Quiz Categories
Sports
Geography
Music
Movies
Television
Just For Fun
Miscellaneous
History
Literature
Language
Science
Gaming
Entertainment
Religion
Holiday
For Kids
Quiz Lab
Recent
Popular Today
Quiz Kudos Today
Editor Picks
Curator Picks
Quizzes by...
Day
Popularity
Type
Ratings
Length
Year
Community
Subscriptions
Recent Discussions
Orange Saloon
Badges
Playlists
Quests
Create
Leaderboards
Showdown
Live 5
Trivia Bingo
Activity
Puzzle Library
Sporcle Events
Private Events
Virtual Trivia
Globe League
Become a Host
Pub Owners
SporcleCon
Opinionation
Our Games
Videos
Blog
Mobile Apps
Partnerships
Remove Ads and Go Orange
Feedback
Sports
Athletes
MLB
NBA
NHL
NFL
Soccer
Sports Teams
WWE
NCAA
Football
Premier League
Basketball
Baseball
Hockey
Golf
Tennis
Cricket
Rugby
Auto Racing
Olympics
World Cup
Sports
Athletes
MLB
NBA
NHL
NFL
Soccer
Sports Teams
WWE
NCAA
Football
Premier League
Basketball
Baseball
Hockey
Golf
Tennis
Cricket
Rugby
Auto Racing
Olympics
World Cup
Random Quiz
Search Sporcle
×
Quiz Lab
Quiz Lab
Sports
pink
Type in answers that appear in a list
Type in answers that appear in a list
Classic
Best Score? Go Orange.
Giro d'Italia 2012 Stats
Can you name the Giro d'Italia 2012?
By
gensim
6m
86 Questions
163 Plays
163 Plays
163 Plays
Comments
Comments
Give Quiz Kudos
Give Quiz Kudos
-
- Ratings
hide this ad
Replay
Link that replays current quiz
Next Quiz
Link to next quiz in quiz playlist
You Got
0%
They Got
Avg Score
58%
Avg Friend Score
Upgrade to see
Score Distribution
Jump to the score distribution portion of the page
Score
0/86
Timer
06:00
0
Plays Today
% Correct
Joaquim Rodriguez
98.8%
Joaquim Rodriguez
98.8%
Joaquim Rodriguez
98.8%
Joaquim Rodriguez
98.8%
Joaquim Rodriguez
98.8%
Joaquim Rodriguez
98.8%
Joaquim Rodriguez
98.8%
Joaquim Rodriguez
98.8%
Ryder Hesjedal
96.9%
Ryder Hesjedal
96.9%
Ryder Hesjedal
96.9%
Ryder Hesjedal
96.9%
Ryder Hesjedal
96.9%
Ryder Hesjedal
96.9%
Mark Cavendish
92%
Mark Cavendish
92%
Mark Cavendish
92%
Mark Cavendish
92%
Mark Cavendish
92%
Mark Cavendish
92%
Thomas De Gendt
86.5%
Ivan Basso
86.5%
Michele Scarponi
86.5%
Thomas De Gendt
86.5%
Ivan Basso
86.5%
Michele Scarponi
86.5%
Thomas De Gendt
86.5%
Thomas De Gendt
86.5%
Rigoberto Uran
74.8%
% Correct
Rigoberto Uran
74.8%
Rigoberto Uran
74.8%
Rigoberto Uran
74.8%
Damiano Cunego
71.8%
Domenico Pozzovivo
63.2%
Domenico Pozzovivo
63.2%
Sergio Henao
63.2%
Domenico Pozzovivo
63.2%
Sergio Henao
63.2%
Domenico Pozzovivo
63.2%
Sergio Henao
63.2%
Taylor Phinney
62%
Taylor Phinney
62%
Taylor Phinney
62%
Taylor Phinney
62%
Matthew Goss
58.9%
Matthew Goss
58.9%
Andrey Amador/John Gadret
57.1%
Garmin-Barracuda
57.1%
Roman Kreuziger
53.4%
Roberto Ferrari
49.7%
Matteo Rabottini
49.1%
Matteo Rabottini
49.1%
Matteo Rabottini
49.1%
Andrey Amador
48.5%
Andrey Amador
48.5%
Mikel Nieve
47.9%
Marco Pinotti
45.4%
Stefano Pirazzi
41.1%
% Correct
Stefano Pirazzi
41.1%
Paolo Tiralongo
38.7%
Ramunas Navardauskas
35.6%
Ramunas Navardauskas
35.6%
Adriano Malori
33.1%
Adriano Malori
33.1%
Lars Bak
28.8%
Andrea Guardini
28.8%
Diego Ulissi
27.6%
Miguel Angel Rubiano
27.6%
Miguel Angel Rubiano
27.6%
Miguel Angel Rubiano
27.6%
Francisco Ventoso
26.4%
Damiano Caruso
23.9%
Damiano Caruso
23.9%
Geraint Thomas
23.3%
Jon Izaguirre
20.2%
Jon Izaguirre
20.2%
Gianluca Brambilla
19.6%
Tom-Jelte Slagter
19%
Peter Stetina
17.2%
Peter Stetina
17.2%
Jan Barta
15.3%
Michal Golas
13.5%
Michal Golas
13.5%
Alexander Kristoff
12.9%
Tanel Kangert
11.7%
Alfredo Balloni
10.4%
Quiz Playlist
Details
Report
Send in Message
Add To Playlist
Classic:
Type in answers that appear in a list
Last Updated: Feb 16, 2017
Quiz Scoreboard
CHALLENGE
Sign Up to Join the Scoreboard
Show All
Scores
Hide
Comments
May contain spoilers
Recently Published
Image Sorting: Flags VI
by Barbecue
Geography
2m
Find the 'City' Movie
by crazypaving
Movies
60s
Colored Red Africa Blitz
by spor1
Geography
45s
More to Explore
Quiz From the Vault
Featured Blog Post
14 Easter Pick-up Lines to Find Eggs With
hide this ad
You Might Also Like...
Tags
2012
Cycling
Cyclist
giro
Italy
Jersey
pink
Today's Top Quizzes in Sports
Browse Sports
hide this ad
Today's Top Quizzes in pink
Browse pink
Top Contributed Quizzes in Sports
1
Les meilleurs buteurs des matchs entre le PSG et l’OM
2
Les entraîneurs de l'OM et du PSG au 21e siècle
3
Les joueurs passés par le PSG et l'OM
4
2022 World Cup Stars
5
Players with Multiple 50 Home Run Seasons
6
Criteria MLB: Left Handed Sluggers
7
Les joueurs passés par le LOSC et le RC Lens
8
NBA Logic Puzzle 2.0
9
MLB Players with Two .350 Batting Average Seasons
10
FIFA Club World Cup Champions
Explore More
Trending Topics
Crossword
Kpop
Disney
Anime
Marvel
NBA
Harry Potter
NFL
The Office
Puzzle
Soccer
Song
WWE
Country
Pokémon
hide this ad
More By:
gensim
Quiz
Plays
Rating
Category
Featured
Created
Top 10 Cycling Monuments 2015-2019
2,152
5.00
Sports
Sep 24, 2018
Top 10 Cycling Monuments 2010-2014
458
5.00
Sports
Sep 21, 2018
Giro d'Italia 2013
401
4.40
Sports
Jun 11, 2013
Top 10 Cycling Monuments 2005-2009
381
5.00
Sports
Sep 29, 2018
SSC Napoli players since 2007/2008
340
5.00
Sports
Dec 5, 2018
Go to Creator's Profile
Score Distribution
Quiz Creator Spotlight
gensim
Follow
Send a Message
Quizzes Created
-
Created Quiz Play Count
-
More By This Creator
Popular Quizzes Today
1
Colored Red Africa Blitz
2
Find the US States - No Outlines Minefield
3
Find the 'City' Movie
4
5x2 Blitz: Bands
5
The Countries of the World
6
Find the US States
7
Find the Countries of Europe - No Outlines Minefield
8
US States
More Sports Quizzes
Multi-Category Blitz: NBA
Quiz Lab
Trending Quizzes
Colored Red Europe Blitz I
Colored Red Europe Blitz II
Colored Red Africa Blitz II
Colored Red Europe Blitz III
Colored Red Africa Blitz III
Recently Updated
How Do You Spell That?
pecheneg
Godzilla Movies
pecheneg
Grab Bag: 4-10 Letters
pecheneg
2024 March Madness Bracket
pecheneg
Famous TV Couples
Peacemaker
Champions League XIs: Real Madrid
pecheneg
Largest US Cities 1790-2010
pecheneg
Rides in Walt Disney World
pecheneg
Most Oscar Losses (Acting)
pecheneg
Beyoncé Albums
pecheneg
Trending Topics
Crossword
Anime
Marvel
Disney
Harry Potter
NBA
Kpop
The Office
Pokémon
Song
WWE
NFL
Soccer
Puzzle
Country
Your Account Isn't Verified!
In order to create a playlist on Sporcle, you need to verify the email address you used during registration. Go to your
Sporcle Settings
to finish the process.
Report this User
Report this user for behavior that violates our
Community Guidelines
.
Details:
Send Report
Go to the Sporcle.com Mobile Site →
Comments